[Event "Hampstead U2200 Feb2014"]
[Site "Hampstead, UK"]
[Date "2014.02.16"]
[Round "4"]
[White "Jain, Gautam"]
[Black "Chauhan, Pranay"]
[Result "1/2-1/2"]
[WhiteElo "1690"]
[BlackElo "1463"]
[EventType "swiss"]
[EventRounds "5"]

1. e4 e6 2. d4 d5 3. Nc3 Bb4 4. e5 c5 5. a3 Bxc3+ 6. bxc3 Ne7 7. Bg5 Qa5 8.
Qd2 Nbc6 9. Nf3 Bd7 10. Be2 h6 11. Bxe7 Nxe7 12. O-O Rc8 13. Rfd1 Nc6 14. Rab1
Rc7 15. Qd3 c4 16. Qe3 Qxa3 17. Ne1 g5 18. Bh5 Qe7 19. h3 Rh7 20. Nf3 Nd8 21.
Nh2 Ba4 22. Rb2 Kd7 23. Ra1 b5 24. Ng4 Kc8 25. Nf6 Rh8 26. Bg4 Rd7 27. Qf3 Kc7
28. Nxd7 Qxd7 29. Qf6 Qe8 30. Bh5 a5 31. Rba2 {#d} 1/2-1/2

[Event "Hampstead U2200 Feb2014"]
[Site "Hampstead, UK"]
[Date "2014.02.16"]
[Round "4"]
[White "Cadart, Antoine"]
[Black "Mondal, Simona"]
[Result "1-0"]
[WhiteElo "1642"]
[BlackElo "1416"]
[EventType "swiss"]
[EventRounds "5"]

1. e4 e5 2. Nf3 Nc6 3. Bb5 a6 4. Ba4 b5 5. Bb3 Nf6 6. d3 h6 7. a4 Bb7 8. axb5
axb5 9. Rxa8 Qxa8 10. c3 Be7 11. O-O O-O 12. Re1 Qd8 13. Nbd2 Re8 14. Nf1 Na5
15. Bc2 c6 16. Nxe5 Bd6 17. Nf3 Bc7 18. Ng3 Bb6 19. b4 Ng4 20. Rf1 Qa8 21. h3
Ne5 22. Nxe5 Rxe5 23. bxa5 Qxa5 24. d4 Re7 25. Qd3 Ba6 26. e5 Re8 27. Qh7+ Kf8
28. Qh8+ Ke7 29. Qxg7 Rf8 30. Bxh6 Rc8 31. Bg5+ Ke6 32. Qf6+ Kd5 33. Qxf7# 1-0

[Event "Hampstead U2200 Feb2014"]
[Site "Hampstead, UK"]
[Date "2014.02.16"]
[Round "4"]
[White "Maund, Barry"]
[Black "Somton, Anita"]
[Result "0-1"]
[WhiteElo "1794"]
[BlackElo "1634"]
[EventType "swiss"]
[EventRounds "5"]

1. d4 Nf6 2. Nf3 g6 3. Bg5 Bg7 4. e3 O-O 5. Bd3 d6 6. Nbd2 Nbd7 7. c3 e5 8.
O-O Qe8 9. dxe5 dxe5 10. e4 Nc5 11. Bc2 b6 12. Re1 Bb7 13. b4 Ncd7 14. Qe2 c5
15. Rad1 Rc8 16. b5 Rd8 17. Nc4 Qe7 18. h4 h6 19. Bc1 Ng4 20. g3 Ndf6 21. Nh2
Nxh2 22. Kxh2 Qe6 23. f3 Rfe8 24. Bb3 Bc8 25. Qg2 Qe7 26. Ne3 Be6 27. Bxe6
Qxe6 28. c4 Rd6 29. Rxd6 Qxd6 30. Rd1 Qe6 31. Qd2 Bf8 32. Bb2 Be7 33. Qc3 Bd6
34. Qd2 Be7 35. Nd5 Bd8 36. Qxh6 Nd7 37. h5 gxh5 38. Qxh5 Kg7 39. Qh3 Rh8 {#R}
0-1

[Event "Hampstead U2200 Feb2014"]
[Site "Hampstead, UK"]
[Date "2014.02.16"]
[Round "4"]
[White "Lovell, William Pm"]
[Black "Ritchie, Paul"]
[Result "0-1"]
[WhiteElo "1447"]
[BlackElo "1578"]
[EventType "swiss"]
[EventRounds "5"]

1. e4 c5 2. Nc3 d6 3. f4 Nc6 4. Nf3 e6 5. Bc4 Nf6 6. d3 Be7 7. O-O O-O 8. Qe1
a6 9. Qg3 b5 10. Bb3 Na5 11. f5 Nxb3 12. axb3 b4 13. Ne2 exf5 14. exf5 Bxf5
15. Nfd4 Nh5 16. Qf2 Bg6 17. Nc6 Qc7 18. Nxe7+ Qxe7 19. Ng3 Nxg3 20. Qxg3 Qe2
21. Qf2 Qg4 22. Qf4 Qd7 23. Qg3 Rfe8 24. Bf4 Re2 25. Rf2 Re6 26. Rff1 Qc6 27.
Qf3 Qe8 28. Qg3 Qe7 29. Qf3 Qa7 30. Qc6 c4+ 31. Kh1 d5 32. Qxd5 cxd3 33. cxd3
Rae8 34. Bd2 Qe7 35. Qc4 Re2 36. Bxb4 Qb7 37. Rg1 Rxb2 38. Rxa6 Rxb3 39. Qxb3
Qxa6 40. d4 Rb8 41. Qd5 h6 42. Bc5 Qd3 43. Qf3 Qc2 44. Qd1 Qc4 45. Qf1 Qd5 46.
Qf3 Be4 47. Qg3 Rb3 48. Qf2 Rc3 49. Qe2 Rc2 50. Qf1 f5 51. h3 f4 52. Qxf4
Bxg2+ 53. Kh2 Bf1+ 54. Kg3 Rg2+ 55. Kh4 Qd8+ 56. Be7 Qxe7+ 57. Qf6 Qxf6+ 58.
Kh5 Qg5# 0-1

[Event "Hampstead U2200 Feb2014"]
[Site "Hampstead, UK"]
[Date "2014.02.16"]
[Round "4"]
[White "Sawhney, Anisha"]
[Black "Sheremetyeva, Elizaveta"]
[Result "1-0"]
[WhiteElo "1426"]
[BlackElo "1634"]
[EventType "swiss"]
[EventRounds "5"]

1. e4 c6 2. Nf3 d5 3. Nc3 Bg4 4. Be2 Nf6 5. e5 Nfd7 6. O-O Qc7 7. h3 Bxf3 8.
Bxf3 Nxe5 9. d4 Ng6 10. Be3 Nd7 11. Bg4 e5 12. Re1 e4 13. f3 Nf6 14. Bf5 Nh4
15. fxe4 Nxf5 16. exf5 O-O-O 17. Qd2 Bd6 18. a4 Bb4 19. Re2 Ne4 20. Qd3 Bxc3
21. bxc3 Qd7 22. c4 Qxf5 23. cxd5 Rxd5 24. Bd2 Nxd2 25. Qxd2 Rhd8 26. c3 c5
27. Rc1 Kb8 28. Qb2 cxd4 29. cxd4 Qf6 30. Qc2 Qxd4+ 31. Rf2 Qb6 32. Kf1 R5d6
33. Rxf7 Rf6+ 34. Rxf6 Qxf6+ 35. Kg1 Qb6+ 36. Kh1 h6 37. Qc3 g5 38. a5 Qd6 39.
a6 bxa6 40. Rb1+ Ka8 41. Qf3+ Qd5 42. Rd1 Qxf3 43. Rxd8+ Kb7 44. gxf3 a5 45.
Rd1 Kb6 46. h4 Kb5 47. Rd5+ Kb4 48. hxg5 hxg5 49. Rxg5 a4 50. f4 a3 51. Rg1
Kb3 52. f5 a5 53. f6 Ka4 54. f7 Kb3 55. f8=Q Ka4 56. Rg4+ Kb3 57. Qf3+ Kb2 58.
Rg2+ Kc1 59. Qf1# 1-0

[Event "Hampstead U2200 Feb2014"]
[Site "Hampstead, UK"]
[Date "2014.02.16"]
[Round "5"]
[White "Jaunooby, Ali R"]
[Black "Villiers, Thomas"]
[Result "1-0"]
[WhiteElo "2149"]
[BlackElo "2084"]
[EventType "swiss"]
[EventRounds "5"]

1. d4 Nf6 2. c4 e6 3. Nc3 Bb4 4. Bg5 c5 5. d5 Nxd5 6. Bxd8 Nxc3 7. Qb3 Ne4+ 8.
Kd1 Nxf2+ 9. Kc2 Kxd8 10. Qg3 Nxh1 11. Qxg7 Re8 12. a3 Ba5 13. b4 Bc7 14. Nf3
Nc6 15. Ng5 Ne5 16. e3 f5 17. Rd1 d6 18. Qxe5 Bd7 19. Nf7+ Ke7 20. Qg7 Ba4+
21. Kc1 Rg8 22. Qxh7 Kf6 23. Nxd6 Bxd1 24. Qf7+ Kg5 25. Qe7+ Kg4 26. Kxd1 Bxd6
27. Be2# 1-0

[Event "Hampstead U2200 Feb2014"]
[Site "Hampstead, UK"]
[Date "2014.02.16"]
[Round "5"]
[White "Keohane, Ben"]
[Black "Bonafont, Philip R"]
[Result "1-0"]
[WhiteElo "2090"]
[BlackElo "2047"]
[EventType "swiss"]
[EventRounds "5"]

1. e4 c5 2. d4 cxd4 3. c3 dxc3 4. Nxc3 Nc6 5. Nf3 d6 6. Bc4 a6 7. Qe2 Nf6 8.
h3 e6 9. a4 Be7 10. O-O O-O 11. Rd1 Qc7 12. Bf4 Ne5 13. Ba2 Nxf3+ 14. Qxf3 Bd7
15. Rac1 Bc6 16. b4 b5 17. Nd5 exd5 18. exd5 bxa4 19. dxc6 Rab8 20. Qa3 Rb6
21. Qxa4 Rfb8 22. Rd4 Ne8 23. Re4 Bf6 24. Rce1 Kf8 25. Rxe8+ Rxe8 26. Bxd6+
Qxd6 27. Rxe8+ Kxe8 28. c7+ {#r} 1-0

[Event "Hampstead U2200 Feb2014"]
[Site "Hampstead, UK"]
[Date "2014.02.16"]
[Round "5"]
[White "Harari, Zaki"]
[Black "Prior, Stephen CV"]
[Result "0-1"]
[WhiteElo "2084"]
[BlackElo "2022"]
[EventType "swiss"]
[EventRounds "5"]

1. e4 c5 2. Nc3 g6 3. f4 Bg7 4. Nf3 a6 5. a4 Nc6 6. Bc4 e6 7. O-O Nge7 8. Qe1
O-O 9. d3 d5 10. Bb3 Nd4 11. Nxd4 cxd4 12. Ne2 f5 13. e5 Nc6 14. a5 Rf7 15.
Bd2 Bf8 16. Kh1 Bc5 17. Qg3 Rg7 18. Qh3 Bd7 19. g4 fxg4 20. Qxg4 Ne7 21. Ng3
Qf8 22. Rg1 Qf7 23. Raf1 Rf8 24. Qe2 Nf5 25. Nxf5 Qxf5 26. Rg5 Qf7 27. Qe1 Qe7
28. Qg3 Kh8 29. Rg1 Be8 30. Qh3 Qf7 31. Qg2 Be7 32. Rg4 Qf5 33. Qe2 Rgf7 34.
R4g2 Qh3 35. Rg3 Qh4 36. Qg2 Qh6 37. f5 Qg7 38. f6 Bxf6 39. exf6 Rxf6 40. Qh3
Qc7 41. Bh6 R8f7 42. Rxg6 Rxg6 43. Rxg6 hxg6 44. Bg5+ Rh7 45. Bf6+ Kg8 46.
Qxe6+ Bf7 47. Qe2 Qf4 48. Be5 Qc1+ 49. Kg2 Be6 50. Bxd4 Bh3+ 51. Kg3 Qg5+ {#R}
0-1

[Event "Hampstead U2200 Feb2014"]
[Site "Hampstead, UK"]
[Date "2014.02.16"]
[Round "5"]
[White "Landau, Jonathan"]
[Black "Salem, Ihab"]
[Result "1-0"]
[WhiteElo "1886"]
[BlackElo "2073"]
[EventType "swiss"]
[EventRounds "5"]

1. e4 g6 2. Nc3 Bg7 3. f4 c5 4. Nf3 Nc6 5. Bb5 Nd4 6. O-O Nxb5 7. Nxb5 d6 8.
Qe1 Bd7 9. Nc3 Bc6 10. d3 e5 11. Qf2 exf4 12. Bxf4 Ne7 13. Qg3 Qb6 14. Bxd6
c4+ 15. Kh1 Qxb2 16. Nd5 Bxd5 17. exd5 O-O-O 18. Bxe7 Rxd5 19. Rab1 Qxa2 20.
Rb4 cxd3 21. cxd3 b6 22. Rc1+ Kb7 23. Qc7+ Ka6 24. Qc6 Ra5 25. Bc5 Rb8 26.
Rcb1 Rxc5 27. Ra4+ Qxa4 28. Qxa4+ Kb7 29. Qe4+ Kc7 30. d4 Rc3 31. Qe7+ Kc6 32.
Qxf7 Rb7 33. d5+ {#r} 1-0

[Event "Hampstead U2200 Feb2014"]
[Site "Hampstead, UK"]
[Date "2014.02.16"]
[Round "5"]
[White "Rubinson, Adam"]
[Black "Niccoli, Tony"]
[Result "1/2-1/2"]
[WhiteElo "1770"]
[BlackElo "2066"]
[EventType "swiss"]
[EventRounds "5"]

1. d4 f5 2. g3 Nf6 3. Bg2 e6 4. c4 d5 5. Nf3 c6 6. b3 Bb4+ 7. Bd2 Bd6 8. Nc3
O-O 9. O-O Nbd7 10. Bf4 Bxf4 11. gxf4 Ne4 12. Nxe4 fxe4 13. Ng5 Nf6 14. e3 Bd7
15. Kh1 h6 16. Nh3 Be8 17. Qc2 Ng4 18. Rg1 Qh4 19. Qd2 Bg6 20. Raf1 Bf5 21. f3
Nxe3 22. Qxe3 Bxh3 23. fxe4 Bxg2+ 24. Rxg2 dxc4 25. bxc4 Rf7 26. Qg3 Qxg3 27.
hxg3 Rd8 28. Rd1 Kf8 29. Kg1 a6 30. Rgd2 Rfd7 31. Kf2 b5 32. cxb5 axb5 33. Ke3
Ra8 34. Rc1 Ra6 35. Rdc2 Ke7 36. Rxc6 Rxa2 37. R1c3 b4 38. Rb3 Rb7 39. Rc4 Ra3
40. Rxa3 bxa3 41. Ra4 Rb3+ 42. Kf2 g6 43. e5 Kd7 44. Ra6 Rd3 45. Rd6+ Ke7 46.
Ra6 g5 47. fxg5 hxg5 48. Ra7+ Ke8 49. Ra6 Kf7 50. Ra4 Kg6 51. g4 a2 52. Rxa2
Rxd4 53. Kf3 Rf4+ 54. Kg3 Re4 55. Ra5 {#d} 1/2-1/2

[Event "Hampstead U2200 Feb2014"]
[Site "Hampstead, UK"]
[Date "2014.02.16"]
[Round "5"]
[White "Hudson, Julian"]
[Black "Cork, David J"]
[Result "0-1"]
[WhiteElo "1965"]
[BlackElo "1763"]
[EventType "swiss"]
[EventRounds "5"]

1. e4 c5 2. c3 Nf6 3. e5 Nd5 4. d4 cxd4 5. Nf3 Nc6 6. cxd4 e6 7. Bc4 Nb6 8.
Bb3 d6 9. O-O Be7 10. Nc3 O-O 11. Be3 Na5 12. Bc2 Nac4 13. b3 Nxe3 14. fxe3
Bd7 15. Qd3 g6 16. Ne4 Nd5 17. a3 Rc8 18. Rf2 Qb6 19. Nxd6 Bxd6 20. exd6 Rc3
21. Qd2 Rfc8 22. Bd3 Qxb3 23. Ne5 f6 24. Nxd7 Rxd3 25. Qb2 Qxb2 26. Rxb2 b6
27. e4 Rd8 28. exd5 Rxd7 29. dxe6 Rxd6 30. Re2 Rd8 31. Rc1 R3xd4 32. Rc7 a5
33. Rb7 R4d6 34. Kf2 Re8 35. e7 Kf7 36. Re3 f5 37. Kf3 a4 38. Ra7 b5 39. Rb7
Rd5 40. g3 g5 41. h4 gxh4 42. gxh4 h5 43. Kf4 Rd4+ 44. Kxf5 Rxh4 45. Kg5 Rg4+
46. Kxh5 Rg1 47. Rf3+ Kg7 48. Rf8 Rxf8 49. exf8=Q+ Kxf8 50. Rxb5 Rg3 51. Ra5
Rxa3 52. Kg5 Ke7 53. Ra6 Kd7 54. Kf4 Kc7 55. Ke4 Kb7 56. Rg6 Rb3 57. Kd4 a3
58. Kc4 a2 59. Rg7+ Ka6 60. Rg8 Rb7 61. Rg6+ Ka7 62. Rg1 Rb1 63. Rg7+ Kb8 64.
Rg8+ Kc7 {#R} 0-1

[Event "Hampstead U2200 Feb2014"]
[Site "Hampstead, UK"]
[Date "2014.02.16"]
[Round "5"]
[White "Cossins, Neil"]
[Black "Kamath, Raghu"]
[Result "0-1"]
[WhiteElo "1834"]
[BlackElo "1962"]
[EventType "swiss"]
[EventRounds "5"]

1. e4 e5 2. Nf3 Nc6 3. Bb5 f5 4. d3 fxe4 5. dxe4 Nf6 6. Bxc6 bxc6 7. O-O Be7
8. Nxe5 O-O 9. Qe2 Qe8 10. Nc3 a5 11. Be3 Ba6 12. Nd3 Bd6 13. f3 Nh5 14. Qf2
Bf4 15. Bd4 Qg6 16. g3 Rf7 17. Ne2 Bxd3 18. cxd3 Raf8 19. Kh1 Bd6 20. f4 Nf6
21. Bxf6 gxf6 22. Qg2 f5 23. e5 Bc5 24. d4 Bb6 25. Rfd1 d5 26. Rac1 h5 27. Rc3
Re8 28. a4 Rg7 29. Rdc1 Re6 30. h3 Kh8 31. Qf2 Ba7 32. Ng1 h4 33. gxh4 Bxd4
34. h5 Bxf2 35. hxg6 Rexg6 36. Nf3 Bg3 37. Rxc6 Bxf4 38. Rxg6 Bxc1 39. Rf6
Bxb2 40. Rxf5 Re7 41. Ng5 Kg7 42. e6 c6 43. h4 Kg6 44. Rf2 Bf6 45. Rg2 Bxg5
46. Rxg5+ Kf6 47. Rg2 Rh7 48. Re2 Rxh4+ 49. Kg2 Ke7 50. Rc2 Kxe6 51. Rxc6+ Ke5
52. Rg6 Rxa4 53. Rg5+ Kd6 54. Kf3 Re4 55. Rg6+ Kc5 56. Rg5 a4 {#R} 0-1

[Event "Hampstead U2200 Feb2014"]
[Site "Hampstead, UK"]
[Date "2014.02.16"]
[Round "5"]
[White "O'Gorman, Brendan"]
[Black "Hayward, Alan"]
[Result "0-1"]
[WhiteElo "1833"]
[BlackElo "1952"]
[EventType "swiss"]
[EventRounds "5"]

1. Nf3 d5 2. c4 Nf6 3. cxd5 Nxd5 4. d4 Bf5 5. Nbd2 Nf6 6. Qb3 Qc8 7. e4 Nxe4
8. Nxe4 Bxe4 9. Ng5 Qf5 10. Bc4 e6 11. O-O Bd5 12. Nxe6 fxe6 13. Re1 Bxc4 14.
Qxc4 Kd7 15. Bf4 Bd6 16. Bxd6 cxd6 17. Rac1 Nc6 18. b4 Qd5 19. Qc3 Rac8 20.
Qg3 g6 21. b5 Nxd4 22. Rxc8 Ne2+ {#R} 0-1

[Event "Hampstead U2200 Feb2014"]
[Site "Hampstead, UK"]
[Date "2014.02.16"]
[Round "5"]
[White "Macreamoinn, Brian"]
[Black "Bryant, Jonathan M"]
[Result "1-0"]
[WhiteElo "1807"]
[BlackElo "1939"]
[EventType "swiss"]
[EventRounds "5"]

1. d4 f5 2. Nc3 Nf6 3. Bg5 d5 4. Qd3 c6 5. O-O-O Qa5 6. Bxf6 exf6 7. g4 g6 8.
Qe3+ Kf7 9. gxf5 Bxf5 10. Bh3 Bxh3 11. Nxh3 Bd6 12. f4 Nd7 13. Rdf1 Rae8 14.
Ng5+ Kg7 15. Qh3 f5 16. Qg3 Nf6 17. Rhg1 Nh5 18. Qh4 Be7 19. Qh3 Bxg5 20. Rxg5
Kf7 21. e4 dxe4 22. Rxh5 gxh5 23. Qxh5+ Kf6 24. d5 cxd5 25. Rd1 Rd8 26. Qh6+
Ke7 27. Qg7+ Kd6 28. Nxd5 Qxd5 29. Qe5+ Kc6 30. Rxd5 Rxd5 31. Qxh8 Kc5 32.
Qxh7 Kd4 33. Kd2 e3+ 34. Ke2 Ke4 35. Qe7+ {#r} 1-0

[Event "Hampstead U2200 Feb2014"]
[Site "Hampstead, UK"]
[Date "2014.02.16"]
[Round "5"]
[White "Mondal, Prince"]
[Black "Pride, Stephen C"]
[Result "1-0"]
[WhiteElo "1923"]
[BlackElo "1792"]
[EventType "swiss"]
[EventRounds "5"]

1. e4 d6 2. d4 Nf6 3. Nc3 Nc6 4. Bc4 e5 5. Nge2 exd4 6. Nxd4 Be7 7. Bf4 Ne5 8.
Be2 Bd7 9. Qd2 Nc6 10. f3 Nxd4 11. Qxd4 Bc6 12. O-O-O a6 13. g4 Qd7 14. h4
O-O-O 15. Qa7 Qe8 16. e5 Nd7 17. exd6 Bxd6 18. Rxd6 cxd6 19. Bxd6 Nb6 20. Qb8+
Kd7 21. Qc7+ Ke6 22. Bd3 Rxd6 23. Re1+ Kf6 24. g5# 1-0

[Event "Hampstead U2200 Feb2014"]
[Site "Hampstead, UK"]
[Date "2014.02.16"]
[Round "5"]
[White "Pattni, Kishan"]
[Black "Joslin, Tim"]
[Result "1/2-1/2"]
[WhiteElo "1715"]
[BlackElo "1855"]
[EventType "swiss"]
[EventRounds "5"]

1. f4 d5 2. Nf3 Nf6 3. b3 c5 4. Bb2 Nc6 5. e3 e6 6. Bd3 Be7 7. O-O O-O 8. Nc3
a6 9. a4 Nb4 10. Ne5 Nxd3 11. cxd3 Nd7 12. Ng4 f5 13. Ne5 Nxe5 14. fxe5 Bd7
15. Ba3 b5 16. Ne2 Qe8 17. Bb2 bxa4 18. bxa4 Rb8 19. Bc3 Bc6 20. d4 c4 21. Ba5
Rb3 22. Nc1 Ra3 23. Rxa3 Bxa3 24. Ne2 Bxa4 25. Qa1 Qd7 26. Nf4 Kf7 27. Rb1 Bb3
28. Qc3 Rb8 29. d3 Bb4 30. Qa1 Qa7 31. Bxb4 Rxb4 32. Qa3 Qb6 33. dxc4 dxc4 34.
Ne2 a5 35. Nc3 Bc2 36. Rf1 Rb3 37. Qa1 Qb4 38. Ne2 Qd2 39. Nf4 Be4 40. Qa4
Qxe3+ 41. Kh1 Rb7 42. h4 Qc3 43. Qd1 Rb2 44. Qh5+ Ke7 45. Qg5+ Kf7 46. Qh5+
Ke7 47. Qg5+ Kf7 48. Qh5+ {#d} 1/2-1/2

[Event "Hampstead U2200 Feb2014"]
[Site "Hampstead, UK"]
[Date "2014.02.16"]
[Round "5"]
[White "Figueroa, Edison"]
[Black "Bedi, Adam"]
[Result "0-1"]
[WhiteElo "1786"]
[BlackElo "1933"]
[EventType "swiss"]
[EventRounds "5"]

1. e4 c5 2. d4 cxd4 3. c3 dxc3 4. Nxc3 Nc6 5. Nf3 d6 6. Bc4 Nf6 7. e5 dxe5 8.
Qxd8+ Nxd8 9. Nb5 Rb8 10. Nxe5 e6 11. Nc7+ Ke7 12. Nb5 a6 13. Nd4 Nd7 14. Bf4
Nxe5 15. Bxe5 Ra8 16. O-O-O b5 17. Bb3 Bb7 18. f3 Rc8+ 19. Kb1 Nc6 20. Bg3 g5
21. Rhe1 Nxd4 22. Be5 Nxf3 23. gxf3 Rg8 24. Rd3 Bg7 25. Bd6+ Ke8 26. Bxe6 fxe6
27. Rxe6+ Kd7 28. Re7+ Kc6 29. Bb4 Kb6 30. Rdd7 Bxf3 31. a4 a5 32. Bd2 Bh8 33.
Ra7 b4 34. Be3+ Kc6 35. Ra6+ Kd5 36. Rxa5+ Kc4 37. b3+ Kxb3 38. Bc5 Rge8 39.
Rb5 Be4+ 40. Rxe4 Rxe4 41. Bf2 Re2 42. Rf5 Rb2+ {#R} 0-1

[Event "Hampstead U2200 Feb2014"]
[Site "Hampstead, UK"]
[Date "2014.02.16"]
[Round "5"]
[White "Millward, David J"]
[Black "Brozel, Sacha"]
[Result "1/2-1/2"]
[WhiteElo "1922"]
[BlackElo "1726"]
[EventType "swiss"]
[EventRounds "5"]

1. e4 c5 2. Nc3 a6 3. f4 b5 4. Nf3 Bb7 5. d3 e6 6. g3 Nf6 7. Bg2 Be7 8. O-O
O-O 9. Qe2 b4 10. Nd1 d5 11. e5 Nfd7 12. Ne3 Nc6 13. c3 Qb6 14. Bd2 Rac8 15.
Rfc1 a5 16. Be1 Ba6 17. Bf2 Qb7 18. c4 Nb6 19. b3 Rfd8 20. Rd1 a4 21. Nf1 Na5
22. N1d2 Qb8 23. Ne1 h6 24. Nc2 a3 {#d} 1/2-1/2

[Event "Hampstead U2200 Feb2014"]
[Site "Hampstead, UK"]
[Date "2014.02.16"]
[Round "5"]
[White "Baroukh, Leon"]
[Black "Sagues, Vincent"]
[Result "0-1"]
[WhiteElo "1702"]
[BlackElo "1908"]
[EventType "swiss"]
[EventRounds "5"]

1. d4 Nf6 2. Nc3 e6 3. e4 d5 4. exd5 exd5 5. Nf3 Bd6 6. Bd3 O-O 7. O-O Bg4 8.
Bg5 c6 9. Re1 Nbd7 10. Be2 Qc7 11. h3 Bh5 12. Kf1 Rfe8 13. Ng1 Bg6 14. Be3 Ne4
15. Nxe4 dxe4 16. Bc4 Nb6 17. Bb3 Nd5 18. c4 Nb4 19. Bc2 f5 20. Bb3 Kh8 21. c5
Be7 22. g3 Nd3 23. Re2 f4 24. gxf4 Bh5 25. f3 exf3 26. Qxd3 fxe2+ 27. Nxe2
Bxe2+ 28. Kxe2 Bf6 29. Kd2 Qa5+ 30. Qc3 Qxc3+ 31. bxc3 Re7 32. Rg1 Rae8 33.
Rg3 Bh4 34. Rf3 Be1+ 35. Kd3 Bxc3 36. d5 cxd5 37. Bxd5 Bf6 38. Bd2 Rd8 39. Kc4
Red7 40. Rd3 b5+ 41. cxb6 axb6 42. a4 Rc7+ 43. Kb3 Rc5 44. Bc4 Rxd3+ 45. Bxd3
Rd5 46. Kc2 g6 47. Bc4 Rd6 48. Bb4 Rd4 49. Kb3 Rxf4 50. Bd6 Rf3+ 51. Kb4 Rxh3
52. Kb5 Bd4 53. Bc7 Rc3 54. Bd8 Kg7 55. Kb4 Rc1 56. Bb5 Bc5+ 57. Kb3 Bd4 58.
Bg5 Rc5 59. Kb4 Rxg5 60. Bc4 h5 61. a5 bxa5+ 62. Ka4 h4 63. Bf1 Bc3 64. Bh3
Rg3 65. Bf1 h3 66. Kb3 Bb4+ 67. Kb2 h2 68. Bc4 h1=Q 69. Be2 Qh2 70. Kb1 Qxe2
{#R} 0-1

[Event "Hampstead U2200 Feb2014"]
[Site "Hampstead, UK"]
[Date "2014.02.16"]
[Round "5"]
[White "Liang, Jake Z"]
[Black "Cadart, Antoine"]
[Result "1-0"]
[WhiteElo "1898"]
[BlackElo "1642"]
[EventType "swiss"]
[EventRounds "5"]

1. d4 d5 2. c4 Nf6 3. Nf3 e6 4. g3 Be7 5. Bg2 O-O 6. O-O dxc4 7. Qc2 a6 8.
Qxc4 b5 9. Qc2 Bb7 10. Bd2 Nbd7 11. Ba5 Rc8 12. Nbd2 Bd6 13. Rfd1 h6 14. b4
Ba8 15. a3 Re8 16. Nb3 Qe7 17. Rac1 Be4 18. Qb2 Nb6 19. Nfd2 Bxg2 20. Kxg2 e5
21. e3 exd4 22. Nxd4 Ne4 23. Nf5 Qf6 24. Qxf6 gxf6 25. Nxe4 Nc4 26. Nexd6 cxd6
27. Rxc4 bxc4 28. Nxd6 c3 29. Nxe8 Rxe8 30. Rc1 Rc8 31. b5 Rc5 32. Rxc3 Rxb5
33. Bb4 a5 34. Rc5 {#r} 1-0

[Event "Hampstead U2200 Feb2014"]
[Site "Hampstead, UK"]
[Date "2014.02.16"]
[Round "5"]
[White "Barasi, Paul DI"]
[Black "Oliveri, Claudio"]
[Result "0-1"]
[WhiteElo "1880"]
[BlackElo "1661"]
[EventType "swiss"]
[EventRounds "5"]

1. d4 Nf6 2. Bg5 d5 3. Bxf6 exf6 4. e3 g6 5. c4 Be6 6. Nc3 c6 7. cxd5 Bxd5 8.
e4 Qe7 9. Qe2 Be6 10. d5 Bd7 11. O-O-O Bh6+ 12. Kb1 Bf4 13. g3 Bd6 14. f4 O-O
15. Bg2 Re8 16. Qf3 a5 17. Nge2 Na6 18. g4 b5 19. e5 fxe5 20. dxc6 e4 21. Nxe4
Bxc6 22. Nf6+ Qxf6 23. Qxc6 Rxe2 24. Qxb5 Rxg2 25. g5 Qxf4 26. Qd5 Rxb2+ 27.
Ka1 Rxa2+ 28. Qxa2 Qe5+ 29. Kb1 Rb8+ 30. Kc2 Nb4+ {#R} 0-1

[Event "Hampstead U2200 Feb2014"]
[Site "Hampstead, UK"]
[Date "2014.02.16"]
[Round "5"]
[White "Sutton, Daniel"]
[Black "Jain, Gautam"]
[Result "1-0"]
[WhiteElo "1724"]
[BlackElo "1690"]
[EventType "swiss"]
[EventRounds "5"]

1. e4 e5 2. Nf3 Nc6 3. Bc4 Nf6 4. d3 Be7 5. c3 d6 6. Bb3 Bg4 7. h3 Bh5 8. Nbd2
Qd7 9. Nf1 O-O-O 10. Ng3 Bg6 11. Nh4 d5 12. Nxg6 hxg6 13. Qe2 dxe4 14. dxe4
Bd6 15. Be3 Kb8 16. Ba4 Nh5 17. Nxh5 gxh5 18. Qc4 Na5 19. Qb5 Qxb5 20. Bxb5 a6
21. Be2 f6 22. O-O-O g6 23. Rd5 Nc6 24. Rhd1 Kc8 25. Bc4 b5 26. Be2 Be7 27. a4
Nb8 28. axb5 axb5 29. Bxb5 Rxd5 30. exd5 f5 31. f3 g5 32. Bd3 Rf8 33. Kc2 Nd7
34. Ra1 Nc5 35. Ra8+ Kd7 36. Rxf8 Bxf8 37. Bxf5+ Kd6 38. c4 Be7 39. b4 Nb7 40.
Be6 c6 41. c5+ Kc7 42. d6+ Nxd6 43. cxd6+ Bxd6 44. Kb3 Be7 45. Kc4 h4 46. Bc5
Bf6 47. Kd3 Kb7 48. Ke4 Bd8 49. Kf5 Bb6 50. Kxg5 Bxc5 51. bxc5 Ka6 52. Kxh4
Kb5 53. Kg5 Kxc5 54. Kf5 Kd6 55. h4 {#r} 1-0

[Event "Hampstead U2200 Feb2014"]
[Site "Hampstead, UK"]
[Date "2014.02.16"]
[Round "5"]
[White "Pepe, Salvatore"]
[Black "Somton, Anita"]
[Result "1/2-1/2"]
[WhiteElo "1703"]
[BlackElo "1634"]
[EventType "swiss"]
[EventRounds "5"]

1. d4 Nf6 2. Nf3 g6 3. c4 Bg7 4. Nc3 O-O 5. h3 d6 6. Bf4 c5 7. d5 Qa5 8. Qd2
a6 9. e4 Nbd7 10. Be2 Rb8 11. a4 Nb6 12. O-O Bd7 13. e5 dxe5 14. Nxe5 Rbd8 15.
Qc2 Bf5 16. Bd3 Bxd3 17. Qxd3 Nbd7 18. Rfe1 Nxe5 19. Bxe5 Rd7 20. Re2 Rfd8 21.
Rae1 e6 22. Qf3 Ne8 23. dxe6 fxe6 24. Bxg7 Nxg7 25. Re5 Qb4 26. Qe3 Qxb2 27.
Rxc5 Rd3 28. Rc8 Rxc8 29. Qxd3 Qb3 30. Re4 b5 31. axb5 axb5 32. Qd7 Rxc4 33.
Qd8+ Kf7 34. Qd7+ Kg8 35. Qd8+ Kf7 36. Qd7+ Kg8 37. Rxc4 bxc4 38. Qd8+ Kf7 39.
Qc7+ Kf8 40. Qf4+ Kg8 41. Ne4 c3 42. Nf6+ Kf7 43. Nxh7+ Kg8 44. Nf6+ Kf7 45.
Nd5+ Ke8 46. Nf6+ Kf7 47. Ne4+ Kg8 48. Ng5 Qb7 49. Qc4 Qb1+ 50. Kh2 Qf5 51.
Qc8+ Qf8 52. Qxc3 Qxf2 53. Qc8+ Qf8 54. Qc7 Qf5 55. Qd8+ Qf8 56. Qd4 Qf5 57.
h4 e5 58. Qd8+ Qf8 59. Qd5+ Kh8 60. Qxe5 Kg8 61. Qd5+ Kh8 62. Nf7+ Kg8 63.
Ng5+ Kh8 64. Qd4 Kg8 65. Qe5 Qd8 66. Qe4 Qd6+ 67. g3 Qd2+ 68. Kh3 Qd7+ 69. g4
Qc8 70. Qxg6 Qc3+ 71. Kg2 Qb2+ 72. Kg3 Qe5+ 73. Kf3 Qc3+ 74. Ke2 Qc4+ 75. Ke3
Qc5+ 76. Kd2 Qd4+ 77. Qd3 Qf2+ 78. Kc3 Qc5+ 79. Qc4+ Qxc4+ 80. Kxc4 Ne8 81.
Nf3 Kg7 82. Kd4 Nf6 83. Nh2 Kg6 84. g5 Nh7 85. Nf3 Kh5 86. Ke4 Kg6 87. Kf4 Kh5
88. Kg3 Nf8 89. Ne5 Ne6 90. Nf3 Ng7 91. Kf4 Ne8 92. Kf5 Ng7+ 93. Kf6 Ne8+ 94.
Kf7 Nd6+ 95. Kg8 Nf5 96. Kh7 Nxh4 {#d} 1/2-1/2

[Event "Hampstead U2200 Feb2014"]
[Site "Hampstead, UK"]
[Date "2014.02.16"]
[Round "5"]
[White "Wen, Jackson"]
[Black "Michow, Jordan"]
[Result "1-0"]
[WhiteElo "1701"]
[BlackElo "1330"]
[EventType "swiss"]
[EventRounds "5"]

1. e4 e5 2. Nc3 Nf6 3. f4 d6 4. Nf3 Nbd7 5. Bc4 h6 6. O-O a6 7. Bb3 c5 8. d3
b5 9. a4 b4 10. Nd5 Bb7 11. Nxf6+ Nxf6 12. Kh1 Nd7 13. Qe1 Qe7 14. c3 a5 15.
Qf2 f6 16. Nh4 Qf7 17. Bxf7+ {#r} 1-0